| 000 | 00674nam a2200217 a 4500 | ||
|---|---|---|---|
| 008 | 050712s2005||||xo g 000 f slo d | ||
| 020 |
_a8080494126 _q(brož.) _c67 |
||
| 040 |
_aSNK _bslo _cSNK |
||
| 041 | 1 |
_aslo _heng |
|
| 072 | 7 |
_a821.111(73)-3 _xAmerické romány _2konspekt |
|
| 080 |
_a(0:82-312.4) _2MDT-MRF |
||
| 080 |
_a821.111(73)-31 _2MDT-MRF |
||
| 100 | 1 |
_aHooper, Kay _d1957- |
|
| 240 | 1 | 0 |
_aSense of evil _lSlovensky |
| 245 | 1 | 0 |
_aMedzi nebom a zemou- _bIsabel _cKay Hooper; [preklad: Patrik Frank] _n[3] |
| 250 | _a[1. vyd.] | ||
| 260 |
_aMartin _bWist _c2005 |
||
| 700 | 1 |
_aFrank, Patrik _4trl |
|
| 765 | 0 |
_tSense of evil _aHooper, Kay _d1957- |
|
| 044 |
_axo _cSK |
||
| 999 |
_c12221 _d12221 |
||